Jednotný společný trh Evropského společenství 1992.

Cesta ES od colnej únie, zjednotenia právnych a správnych predpisov, podmienok pôsobenia trhových mechanizmov, voľného trhu, poskytovania služieb a kapitálu k ochrane spotrebiteľa. Inštitucionálne a hospodárske dôvody ťažkostí dosiahnutia 4 trhových slobôd ES. Nástroje, orgány, rozhodovanie a medzin...

Descrizione completa

Salvato in:
Dettagli Bibliografici
Autore principale: Dráb, Z.
Natura: Capitolo di libro
Lingua:ceco
Soggetti:
Tags: Aggiungi Tag
Nessun Tag, puoi essere il primo ad aggiungerne!!

MARC

LEADER 00000naa a2200000 4500
001 r009875
005 20220831090646.5
041 0 |a cze 
044 |a [CS] 
245 1 0 |a Jednotný společný trh Evropského společenství 1992.  |c Z. Dráb 
520 |a Cesta ES od colnej únie, zjednotenia právnych a správnych predpisov, podmienok pôsobenia trhových mechanizmov, voľného trhu, poskytovania služieb a kapitálu k ochrane spotrebiteľa. Inštitucionálne a hospodárske dôvody ťažkostí dosiahnutia 4 trhových slobôd ES. Nástroje, orgány, rozhodovanie a medzinárodné dohody ako cesty k 4 trhovým slobodám po r. 1992. Jednotný spoločný trh a jeho jednotlivé právne oblasti. 
610 2 0 |a Európske spoločenstvá 
610 2 0 |a únie colné 
610 2 0 |a mechanizmus trhový 
610 2 0 |a predpisy právne 
610 2 0 |a dohody obchodné medzinárodné 
610 2 0 |a rozhodovanie 
610 2 0 |a ochrana spotrebiteľa 
610 2 0 |a trh 
610 2 0 |a 1993 
610 2 0 |a západná Európa 
100 1 |a Dráb, Z.